| 000 | 00000nam##2200000za#4500 |
| 001 | 9.575894 |
| 003 | CaOODSP |
| 005 | 20210624184900 |
| 007 | cr ||||||||||| |
| 008 | 150406|2009||||xxc|||||o f|0| 0 eng|d |
| 040 | |aCaOODSP|beng |
| 043 | |an-cn--- |
| 086 | 1 |aTU3-6/09-57E-PDF |
| 110 | 2 |aTransportation Safety Board of Canada. |
| 245 | 10|aRunaway and non-main-track train derailment - Southern Ontario Railway 0900 Hagersville Switcher Mile 0.10 and Mile 1.9 Hydro Spur Nanticoke, Ontario, 11 February 2009 |h[electronic resource] |
| 260 | |aOttawa - Ontario : |bTransportation Safety Board of Canada |c[2009]. |
| 300 | |a19p.|bcoloured illus., figs., references |
| 490 | 1 |aRailway investigation report |vR09T0057 |
| 590 | |a13-09-Supp|b2013-04-04 |
| 775 | 08|tTrain à la dérive et déraillement hors d'une voie principale Southern Ontario Railway Train de manoeuvre 0900 d'Hagersville Points milliaires 0,10 et 1,9 de l'embranchement Hydro Nanticoke (Ontario), le 11 février 2009 |w(CaOODSP)9.605283 |
| 830 | #0|aRailway investigation report ;|vR09T0057|w(CaOODSP)9.504849 |
| 856 | 40|ahttp://publications.gc.ca|qPDF|s663 KB|uhttps://publications.gc.ca/collections/collection_2013/bst-tsb/TU3-6-09-57-eng.pdf|yR09T0057 |